000
00246nam a2200109Ia 4500
008
200302s9999 xx 000 0 und d
100
_a
R.Nath
245
_a
Mosque Architecture
260
_b
Historical research
260
_c
1994
300
_a
104p.,
999
_c
2497
_d
2497